Statistics for The Walking Dead Rick Grimes Special

Click here to take the quiz!

General Stats

  • This quiz has been taken 1,229 times
    (1,228 since last reset)
  • The average score is 22 of 30

Answer Stats

HintAnswer% Correct
What cell block did Rick move in?block C
97%
What was Rick's job pre-apocalypse?police officer
95%
Why was he in a hospital?gun shot
95%
Who went back for Merle with Rick?Daryl T-Dog Glenn
94%
Who did Rick fled the farm with?Carl Hershel
93%
Who did Rick go after in Woodbury?Glenn and Maggie
93%
What are the names of the six survivors he meets at the mall?Glenn Andrea T-Dog Morales Jacqui Merle
93%
What is the name of Rick's best friend?Shane
92%
What is the name of his son?Carl
92%
What living persons did he kill so far?Dave Tony Shane Tomas
92%
Who saved Rick from the tank in Atlanta?Glenn
92%
Who is Lori to Rick?his wife
91%
What is Rick's role in the group?leader
87%
What is Rick's eye color? :)blue
85%
Who are the first survivors he encounters?Morgan and Duane
85%
What is his main weapon?Colt Python
77%
What is the name of Rick's newborn baby?Judith
77%
Who goes with Rick in Woodbury?Daryl Oscar Michonne
76%
What did Rick gave to Carl after his got shot?his hat
75%
Where did Rick wanted to go after the attack on the camp?CDC
71%
What did Rick put in the drawers?his police badges
67%
Where did the group find refugee?a prison
66%
What did he take from the tank?a grenade
65%
What did Rick say to the bicycle walker before killing it?I'm sorry this happened to you
53%
Who is left in the woods all alone by Rick?Sophia
51%
Who did Rick saved from walkers in town when he went looking for Hershel at the bar?Randall
45%
What did Rick said to the group after they fled the farm?If you're staying this isn't a democracy anymore
40%
What did Daryl threaten Rick with when he told him he left his brother in town?his knife
34%
Who saved Rick from Andrew?Oscar
26%
Where do the three hide?Rick's next door neighbor house
12%

Score Distribution

Percentile by Number Answered

Percent of People with Each Score

Your Score History

You have not taken this quiz since the last reset